Normal view
MARC view
Entry Personal Name
001 - CONTROL NUMBER
- control field: 20250
003 - CONTROL NUMBER IDENTIFIER
- control field: OSt
005 - DATE AND TIME OF LATEST TRANSACTION
- control field: 20151213161502.0
008 - FIXED-LENGTH DATA ELEMENTS
- fixed length control field: 151213|| aca||aabn | a|a d
040 ## - CATALOGING SOURCE
- Original cataloging agency: OSt
- Transcribing agency: OSt
100 ## - HEADING--PERSONAL NAME
- Personal name: कन्हैयालाला गोयल
670 ## - SOURCE DATA FOUND
- Source citation: Work cat.: (OSt)9744: कन्हैयालाला गोयल , रहस्यमयी कहानियां, 1999









